COMMUNICATION SKILLS- ENGLISH (Record no. 35956)
[ view plain ]
| 000 -LEADER | |
|---|---|
| fixed length control field | 00439nam a2200169 4500 |
| 003 - CONTROL NUMBER IDENTIFIER | |
| control field | OSt |
| 005 - DATE AND TIME OF LATEST TRANSACTION | |
| control field | 20230914115200.0 |
| 008 - FIXED-LENGTH DATA ELEMENTS--GENERAL INFORMATION | |
| fixed length control field | 230914b |||||||| |||| 00| 0 eng d |
| 020 ## - INTERNATIONAL STANDARD BOOK NUMBER | |
| International Standard Book Number | 9789355854568 |
| 040 ## - CATALOGING SOURCE | |
| Transcribing agency | COMPLIMENTARY |
| 050 ## - LIBRARY OF CONGRESS CALL NUMBER | |
| Classification number | 371.2 |
| 082 ## - DEWEY DECIMAL CLASSIFICATION NUMBER | |
| Edition number | I |
| Classification number | 371.2 |
| Item number | 371.2/PAT |
| 245 ## - TITLE STATEMENT | |
| Title | COMMUNICATION SKILLS- ENGLISH |
| Statement of responsibility, etc. | PATIL MANGESH |
| Medium | ENGLISH |
| 250 ## - EDITION STATEMENT | |
| Edition statement | I |
| 260 ## - PUBLICATION, DISTRIBUTION, ETC. | |
| Place of publication, distribution, etc. | PUNE |
| Name of publisher, distributor, etc. | TECHNICAL PUBLICATION |
| Date of publication, distribution, etc. | 2023 |
| 942 ## - ADDED ENTRY ELEMENTS (KOHA) | |
| Source of classification or shelving scheme | Dewey Decimal Classification |
| Suppress in OPAC | No |
| Koha item type | BOOK |
| Edition | I |
| Withdrawn status | Lost status | Source of classification or shelving scheme | Damaged status | Not for loan | Collection | Home library | Current library | Date acquired | Total Checkouts | Barcode | Date last seen | Price effective from | Koha item type |
|---|---|---|---|---|---|---|---|---|---|---|---|---|---|
| Dewey Decimal Classification | AFT | AGNEL TECHNICAL COLLEGE LIBRARY | AGNEL TECHNICAL COLLEGE LIBRARY | 14/09/2023 | AFT8316 | 14/09/2023 | 14/09/2023 | BOOK | |||||
| Dewey Decimal Classification | AFT | AGNEL TECHNICAL COLLEGE LIBRARY | AGNEL TECHNICAL COLLEGE LIBRARY | 14/09/2023 | AFT8317 | 14/09/2023 | 14/09/2023 | BOOK |